000 02496nam0a2200349 i 4500
001 RU\NLR\BIBL_A\010799986
005 20260405164725.0
010 _a9785838801364
_950
021 _aRU
_b2015-39831
_92368
035 _a(NILC)RuMoRGB-007942924
035 _a(NLR Aleph) 010799986
090 _a10154960
_c10154960
100 _a20150721d2014 k y0rusy50 ca
101 0 _arus
102 _aRU
105 _aac||z|||100yy
200 1 _aАктуальные проблемы туберкулеза
_eматериалы III межрегиональной научно-практической и учебно-методической конференции с международным участием, 19 марта 2014 года
_fпод общ. ред. М.Н. Калинкина и А.В. Асеева
210 _aТверь
_cРедакционно-издательский центр Тверской государственной медицинской академии
_d2014
215 _a153 с.
_cцв. ил., портр.
_d21
300 _aВ надзаг.: Гос. бюджет. образоват. учреждение высш. проф. образования "Твер. гос. мед. акад." М-ва здравоохранения Рос. Федерации, М-во здравоохранения Твер. обл., Гос. казен. учреждение здравоохранения Твер. обл. "Твер. обл. клинич. противотуберкулез. диспансер"
300 _aПамяти М.И. Перельмана посвящается
320 _aБиблиогр. в конце ст.
600 1 _aПерельман
_bМ. И.
_f1924-2013
_gМихаил Израйлевич
606 _aТуберкулез
_jСъезды, совещания и т.п
_9930954
_3RU\NLR\AUTH\6624202
686 1 _aР54я431(2)
702 1 _4340
_7ca
_8rus
_aКалинкин
_bМ. Н.
_cд-р мед. наук
_f1950-
_gМихаил Николаевич
_953572
_3RU\NLR\AUTH\7770644
711 1 2 _a"Актуальные проблемы туберкулёза", межрегиональная научно-практическая конференция с международным участием
_d3
_eТверь
_f2014
_9476157
_3RU\NLR\AUTH\880404594
801 0 _aRU
_bРГБ
_c20150601
_gRCR
942 _cBOOK
980 _aNBR